<?xml version="1.0" encoding="UTF-8"?>
<record
    xmlns:xsi="http://www.w3.org/2001/XMLSchema-instance"
    xsi:schemaLocation="http://www.loc.gov/MARC21/slim http://www.loc.gov/standards/marcxml/schema/MARC21slim.xsd"
    xmlns="http://www.loc.gov/MARC21/slim">

  <leader>00872nam a22001577a 4500</leader>
  <controlfield tag="003">OSt</controlfield>
  <controlfield tag="005">20151207140106.0</controlfield>
  <controlfield tag="008">151207b        xxu||||| |||| 00| 0 eng d</controlfield>
  <datafield tag="040" ind1=" " ind2=" ">
    <subfield code="c">RUA </subfield>
  </datafield>
  <datafield tag="082" ind1=" " ind2=" ">
    <subfield code="a">FIS SRE 2005 B177 Or.1</subfield>
  </datafield>
  <datafield tag="100" ind1=" " ind2=" ">
    <subfield code="9">4449</subfield>
    <subfield code="a">SREY SOMVICHET; &#x179F;&#x17D2;&#x179A;&#x17B8; &#x179F;&#x1798;&#x179C;&#x17B7;&#x1785;&#x17B7;&#x178F;&#x17D2;&#x179A; </subfield>
  </datafield>
  <datafield tag="245" ind1=" " ind2=" ">
    <subfield code="a">The effect of pellet and formulated feeds (Rice brand, fish meal, special animal feed) on growth of aristichthys cultured in hapa; &#x17A5;&#x1791;&#x17D2;&#x1792;&#x17B7;&#x1796;&#x179B;&#x1793;&#x17C3;&#x1780;&#x17B6;&#x179A;&#x1794;&#x17D2;&#x179A;&#x17BE;&#x1785;&#x17C6;&#x178E;&#x17B8;&#x1782;&#x17D2;&#x179A;&#x17B6;&#x1794;&#x17CB; &#x1793;&#x17B7;&#x1784;&#x1785;&#x17C6;&#x178E;&#x17B8;&#x1795;&#x17D2;&#x179F;&#x17C6; (&#x1780;&#x1793;&#x17D2;&#x1791;&#x1780;&#x17CB;&#x1798;&#x17D2;&#x179F;&#x17C5;&#x178F;&#x17D2;&#x179A;&#x17B8; &#x1785;&#x17C6;&#x178E;&#x17B8;&#x179F;&#x178F;&#x17D2;&#x179C;&#x1796;&#x17B7;&#x179F;&#x17C1;&#x179F;) &#x1791;&#x17C5;&#x179B;&#x17BE;&#x1780;&#x17B6;&#x179A;&#x179B;&#x17BC;&#x178F;&#x179B;&#x17B6;&#x179F;&#x17CB;&#x179A;&#x1794;&#x179F;&#x17CB;&#x178F;&#x17D2;&#x179A;&#x17B8;&#x1780;&#x17B6;&#x1794;&#x1780;&#x17D2;&#x1794;&#x17B6;&#x179B;&#x1792;&#x17C6;&#x1793;&#x17C5;&#x1780;&#x17D2;&#x1793;&#x17BB;&#x1784;&#x17A0;&#x17B6;&#x1794;&#x17C9;&#x17B6;.</subfield>
  </datafield>
  <datafield tag="260" ind1=" " ind2=" ">
    <subfield code="a">Phnom Penh </subfield>
    <subfield code="b">RUA </subfield>
    <subfield code="c">2005</subfield>
  </datafield>
  <datafield tag="300" ind1=" " ind2=" ">
    <subfield code="a">x; 39p.</subfield>
    <subfield code="b">ill.</subfield>
    <subfield code="c">29cm.</subfield>
  </datafield>
  <datafield tag="942" ind1=" " ind2=" ">
    <subfield code="2">ddc</subfield>
    <subfield code="c">FIS</subfield>
  </datafield>
  <datafield tag="999" ind1=" " ind2=" ">
    <subfield code="c">4149</subfield>
    <subfield code="d">4149</subfield>
  </datafield>
  <datafield tag="952" ind1=" " ind2=" ">
    <subfield code="0">0</subfield>
    <subfield code="1">0</subfield>
    <subfield code="2">ddc</subfield>
    <subfield code="4">0</subfield>
    <subfield code="6">FIS_SRE_2005_000000000000000_B177_OR_1</subfield>
    <subfield code="7">0</subfield>
    <subfield code="9">20857</subfield>
    <subfield code="a">LBB</subfield>
    <subfield code="b">LBB</subfield>
    <subfield code="c">B177</subfield>
    <subfield code="d">2015-12-07</subfield>
    <subfield code="l">2</subfield>
    <subfield code="o">FIS SRE 2005 B177 Or.1</subfield>
    <subfield code="p">RUA011394</subfield>
    <subfield code="r">2022-01-25</subfield>
    <subfield code="s">2022-01-10</subfield>
    <subfield code="w">2015-12-07</subfield>
    <subfield code="y">FIS</subfield>
  </datafield>
  <datafield tag="952" ind1=" " ind2=" ">
    <subfield code="0">0</subfield>
    <subfield code="1">0</subfield>
    <subfield code="2">ddc</subfield>
    <subfield code="4">0</subfield>
    <subfield code="6">FIS_SRE_2005_000000000000000_B177_OR_2</subfield>
    <subfield code="7">0</subfield>
    <subfield code="9">20858</subfield>
    <subfield code="a">LBB</subfield>
    <subfield code="b">LBB</subfield>
    <subfield code="c">B177</subfield>
    <subfield code="d">2015-12-07</subfield>
    <subfield code="l">1</subfield>
    <subfield code="o">FIS SRE 2005 B177 Or.2</subfield>
    <subfield code="p">RUA011037</subfield>
    <subfield code="r">2022-08-02</subfield>
    <subfield code="s">2022-07-01</subfield>
    <subfield code="w">2015-12-07</subfield>
    <subfield code="y">FIS</subfield>
  </datafield>
  <datafield tag="952" ind1=" " ind2=" ">
    <subfield code="0">0</subfield>
    <subfield code="1">0</subfield>
    <subfield code="2">ddc</subfield>
    <subfield code="4">0</subfield>
    <subfield code="6">FIS_SRE_2005_000000000000000_B177_OR_3</subfield>
    <subfield code="7">0</subfield>
    <subfield code="9">20859</subfield>
    <subfield code="a">LBB</subfield>
    <subfield code="b">LBB</subfield>
    <subfield code="c">B177</subfield>
    <subfield code="d">2015-12-07</subfield>
    <subfield code="l">1</subfield>
    <subfield code="o">FIS SRE 2005 B177 Or.3</subfield>
    <subfield code="p">RUA011463</subfield>
    <subfield code="r">2018-11-27</subfield>
    <subfield code="s">2018-11-20</subfield>
    <subfield code="w">2015-12-07</subfield>
    <subfield code="y">FIS</subfield>
  </datafield>
  <datafield tag="952" ind1=" " ind2=" ">
    <subfield code="0">0</subfield>
    <subfield code="1">0</subfield>
    <subfield code="2">ddc</subfield>
    <subfield code="4">0</subfield>
    <subfield code="6">FIS_SRE_2005_000000000000000_B177_OR_4</subfield>
    <subfield code="7">0</subfield>
    <subfield code="9">20860</subfield>
    <subfield code="a">LBB</subfield>
    <subfield code="b">LBB</subfield>
    <subfield code="c">B177</subfield>
    <subfield code="d">2015-12-07</subfield>
    <subfield code="o">FIS SRE 2005 B177 Or.4</subfield>
    <subfield code="p">RUA011180</subfield>
    <subfield code="r">2015-12-07</subfield>
    <subfield code="w">2015-12-07</subfield>
    <subfield code="y">FIS</subfield>
  </datafield>
  <datafield tag="952" ind1=" " ind2=" ">
    <subfield code="0">0</subfield>
    <subfield code="1">0</subfield>
    <subfield code="2">ddc</subfield>
    <subfield code="4">0</subfield>
    <subfield code="6">FIS_SRE_2005_000000000000000_B177_OR_5</subfield>
    <subfield code="7">0</subfield>
    <subfield code="9">20861</subfield>
    <subfield code="a">LBB</subfield>
    <subfield code="b">LBB</subfield>
    <subfield code="c">B177</subfield>
    <subfield code="d">2015-12-07</subfield>
    <subfield code="l">3</subfield>
    <subfield code="o">FIS SRE 2005 B177 Or.5</subfield>
    <subfield code="p">RUA011469</subfield>
    <subfield code="r">2020-02-18</subfield>
    <subfield code="s">2020-01-10</subfield>
    <subfield code="w">2015-12-07</subfield>
    <subfield code="y">FIS</subfield>
  </datafield>
  <datafield tag="952" ind1=" " ind2=" ">
    <subfield code="0">0</subfield>
    <subfield code="1">0</subfield>
    <subfield code="2">ddc</subfield>
    <subfield code="4">0</subfield>
    <subfield code="6">FIS_SRE_2005_000000000000000_B177_OR_6</subfield>
    <subfield code="7">0</subfield>
    <subfield code="9">37054</subfield>
    <subfield code="a">LBB</subfield>
    <subfield code="b">LBB</subfield>
    <subfield code="d">2016-02-04</subfield>
    <subfield code="l">2</subfield>
    <subfield code="o">FIS SRE 2005 B177 Or.6</subfield>
    <subfield code="p">RUA033969</subfield>
    <subfield code="r">2021-11-22</subfield>
    <subfield code="s">2021-11-08</subfield>
    <subfield code="w">2016-02-04</subfield>
    <subfield code="y">FIS</subfield>
  </datafield>
</record>
